[Event "V4 Liptov 2017"]
[Site "?"]
[Date "2017.06.21"]
[Round "1.12"]
[White "Bobrova, Katarina"]
[Black "Gresova, Zuzana"]
[Result "0-1"]
[BlackElo "1859"]
[WhiteElo "1407"]
[LiveChessVersion "1.4.8"]

1. Nf3 {[%clk 1:00:57]} d5 {[%clk 1:00:31]} 2. d4 {[%clk 1:00:58]} Nf6
{[%clk 1:00:03]} 3. Bf4 {[%clk 1:00:46]} e6 {[%clk 0:55:54]} 4. e3
{[%clk 0:59:04]} c5 {[%clk 0:53:52]} 5. c4 {[%clk 0:58:36]} Nc6 {[%clk 0:50:10]}
6. Nc3 {[%clk 0:57:26]} a6 {[%clk 0:45:59]} 7. a3 {[%clk 0:56:48]} dxc4
{[%clk 0:33:56]} 8. Bxc4 {[%clk 0:56:50]} b5 {[%clk 0:32:48]} 9. Bb3
{[%clk 0:56:04]} cxd4 {[%clk 0:31:37]} 10. Nxd4 {[%clk 0:54:39]} Nxd4
{[%clk 0:30:29]} 11. Qxd4 {[%clk 0:54:25]} Qxd4 {[%clk 0:26:10]} 12. exd4
{[%clk 0:54:37]} Bb7 {[%clk 0:26:12]} 13. O-O {[%clk 0:54:12]} Be7
{[%clk 0:21:24]} 14. Rad1 {[%clk 0:52:45]} Rd8 {[%clk 0:18:39]} 15. Bc7
{[%clk 0:49:53]} Rd7 {[%clk 0:16:37]} 16. Bb6 {[%clk 0:49:01]} O-O
{[%clk 0:15:02]} 17. Rfe1 {[%clk 0:47:11]} Nd5 {[%clk 0:13:12]} 18. Nxd5
{[%clk 0:47:15]} Bxd5 {[%clk 0:13:29]} 19. Bxd5 {[%clk 0:46:52]} Rxd5
{[%clk 0:13:45]} 20. Rc1 {[%clk 0:46:32]} Bf6 {[%clk 0:10:27]} 21. Red1
{[%clk 0:46:19]} h6 {[%clk 0:09:04]} 22. h3 {[%clk 0:46:12]} Rb8 {[%clk 0:07:17]}
23. Ba7 {[%clk 0:44:46]} Rb7 {[%clk 0:06:42]} 24. Bc5 {[%clk 0:43:16]} Rbd7
{[%clk 0:06:25]} 25. a4 {[%clk 0:41:53]} Bxd4 {[%clk 0:04:10]} 26. Bxd4
{[%clk 0:41:11]} Rxd4 {[%clk 0:04:35]} 27. Rc8+ {[%clk 0:39:45]} Kh7
{[%clk 0:04:54]} 28. Rxd4 {[%clk 0:39:47]} Rxd4 {[%clk 0:05:18]} 29. axb5
{[%clk 0:39:20]} axb5 {[%clk 0:05:32]} 30. Rb8 {[%clk 0:39:26]} Rb4
{[%clk 0:05:53]} 31. Rb7 {[%clk 0:39:14]} Kg6 {[%clk 0:06:16]} 32. Kf1
{[%clk 0:39:30]} Rxb2 {[%clk 0:06:39]} 33. Ke1 {[%clk 0:39:46]} f5
{[%clk 0:06:23]} 34. Rb6 {[%clk 0:39:58]} Kf6 {[%clk 0:06:31]} 35. g3
{[%clk 0:38:48]} g5 {[%clk 0:05:32]} 36. f4 {[%clk 0:38:11]} gxf4
{[%clk 0:03:55]} 37. gxf4 {[%clk 0:38:23]} h5 {[%clk 0:04:03]} 38. h4
{[%clk 0:38:25]} Rb4 {[%clk 0:04:21]} 39. Ke2 {[%clk 0:38:20]} Rxf4
{[%clk 0:04:38]} 40. Rxb5 {[%clk 0:38:38]} Rxh4 {[%clk 0:05:00]} 41. Kf3
{[%clk 0:38:37]} Rh3+ {[%clk 0:04:45]} 42. Kf4 {[%clk 0:38:36]} e5+
{[%clk 0:04:36]} 0-1

[Event "V4 Liptov 2017"]
[Site "?"]
[Date "2017.06.21"]
[Round "1.13"]
[White "Gemsova, Tereza"]
[Black "Szczurek, Krzysztof"]
[Result "0-1"]
[BlackElo "2068"]
[WhiteElo "1435"]
[LiveChessVersion "1.4.8"]

1. e4 {[%clk 1:00:58]} c5 {[%clk 1:00:55]} 2. Nf3 {[%clk 1:01:24]} d6
{[%clk 1:01:19]} 3. d4 {[%clk 1:01:51]} cxd4 {[%clk 1:01:43]} 4. Nxd4
{[%clk 1:02:13]} Nf6 {[%clk 1:02:08]} 5. Nc3 {[%clk 1:02:20]} a6 {[%clk 1:02:33]}
6. a4 {[%clk 1:02:14]} Nc6 {[%clk 1:00:37]} 7. Be3 {[%clk 1:02:17]} e5
{[%clk 1:00:50]} 8. Nb3 {[%clk 1:01:48]} Be6 {[%clk 1:00:32]} 9. Nd2
{[%clk 1:01:03]} Rc8 {[%clk 0:49:05]} 10. g3 {[%clk 0:58:02]} d5 {[%clk 0:48:43]}
11. exd5 {[%clk 0:57:36]} Nxd5 {[%clk 0:49:07]} 12. Nxd5 {[%clk 0:57:11]} Bxd5
{[%clk 0:49:19]} 13. f3 {[%clk 0:54:17]} Be7 {[%clk 0:36:45]} 14. Bg2
{[%clk 0:52:39]} O-O {[%clk 0:37:03]} 15. Bf2 {[%clk 0:51:25]} Nb4
{[%clk 0:35:19]} 16. Rc1 {[%clk 0:50:45]} Bg5 {[%clk 0:34:59]} 17. O-O
{[%clk 0:46:39]} Bc6 {[%clk 0:34:07]} 18. Be1 {[%clk 0:44:48]} Bxa4
{[%clk 0:32:27]} 19. b3 {[%clk 0:44:31]} Bb5 {[%clk 0:31:36]} 20. c4
{[%clk 0:44:25]} Nd3 {[%clk 0:31:42]} 21. Rb1 {[%clk 0:44:12]} Bc6
{[%clk 0:26:38]} 22. Ne4 {[%clk 0:43:01]} Be3+ {[%clk 0:25:27]} 23. Nf2
{[%clk 0:42:12]} Nxe1 {[%clk 0:24:03]} 24. Qxe1 {[%clk 0:41:48]} Bd4
{[%clk 0:23:13]} 25. Kh1 {[%clk 0:39:44]} b5 {[%clk 0:20:46]} 26. Ne4
{[%clk 0:37:58]} f5 {[%clk 0:19:21]} 27. Nd2 {[%clk 0:38:02]} Bc3
{[%clk 0:18:32]} 28. Rd1 {[%clk 0:37:18]} bxc4 {[%clk 0:18:55]} 29. bxc4
{[%clk 0:37:32]} Ba4 {[%clk 0:19:12]} 30. Rf2 {[%clk 0:37:24]} Bxd1
{[%clk 0:19:32]} 31. Qxd1 {[%clk 0:37:35]} Qd4 {[%clk 0:19:54]} 32. Qe2
{[%clk 0:37:22]} Bxd2 {[%clk 0:20:15]} 33. Qxd2 {[%clk 0:37:23]} Qxd2
{[%clk 0:20:27]} 34. Rxd2 {[%clk 0:37:39]} Rxc4 {[%clk 0:20:48]} 35. Kg1
{[%clk 0:37:30]} Kh8 {[%clk 0:20:14]} 36. Ra2 {[%clk 0:37:33]} e4
{[%clk 0:20:37]} 37. Bf1 {[%clk 0:37:02]} Rc1 {[%clk 0:21:00]} 38. Kf2
{[%clk 0:37:07]} exf3 {[%clk 0:21:05]} 39. Rxa6 {[%clk 0:36:38]} g5
{[%clk 0:21:20]} 40. Ra3 {[%clk 0:36:20]} g4 {[%clk 0:20:55]} 41. Re3
{[%clk 0:36:29]} Rb8 {[%clk 0:21:00]} 0-1

[Event "V4 Liptov 2017"]
[Site "?"]
[Date "2017.06.21"]
[Round "1.14"]
[White "Golda, Sebastian"]
[Black "Vavrinkova, Anna"]
[Result "1-0"]
[BlackElo "1485"]
[WhiteElo "1997"]
[LiveChessVersion "1.4.8"]

1. e4 {[%clk 1:00:58]} e5 {[%clk 1:00:54]} 2. Nf3 {[%clk 1:01:24]} Nf6
{[%clk 1:00:40]} 3. d4 {[%clk 1:01:44]} Nxe4 {[%clk 0:56:20]} 4. Bd3
{[%clk 0:57:55]} d5 {[%clk 0:52:34]} 5. dxe5 {[%clk 0:58:04]} Nc5
{[%clk 0:51:20]} 6. Be2 {[%clk 0:56:51]} Be7 {[%clk 0:50:58]} 7. O-O
{[%clk 0:55:03]} O-O {[%clk 0:49:04]} 8. Be3 {[%clk 0:50:48]} Be6
{[%clk 0:42:58]} 9. Nd4 {[%clk 0:39:56]} Bd7 {[%clk 0:39:19]} 10. Nd2
{[%clk 0:37:12]} Nc6 {[%clk 0:39:01]} 11. N2f3 {[%clk 0:35:06]} a6
{[%clk 0:37:33]} 12. c3 {[%clk 0:34:40]} Re8 {[%clk 0:36:03]} 13. Nxc6
{[%clk 0:32:42]} Bxc6 {[%clk 0:34:58]} 14. Nd4 {[%clk 0:32:42]} Bd7
{[%clk 0:32:29]} 15. f4 {[%clk 0:28:05]} c6 {[%clk 0:31:11]} 16. Bg4
{[%clk 0:20:36]} Ne4 {[%clk 0:29:08]} 17. Qf3 {[%clk 0:19:56]} h6
{[%clk 0:28:23]} 18. Rae1 {[%clk 0:19:03]} Bc5 {[%clk 0:27:37]} 19. Qh3
{[%clk 0:17:26]} Bxg4 {[%clk 0:27:31]} 20. Qxg4 {[%clk 0:17:54]} Bf8
{[%clk 0:27:11]} 21. e6 {[%clk 0:12:25]} Nf6 {[%clk 0:25:34]} 22. Qh3
{[%clk 0:11:46]} Qc7 {[%clk 0:24:24]} 23. f5 {[%clk 0:12:00]} Rad8
{[%clk 0:24:10]} 24. Rf3 {[%clk 0:05:57]} Bd6 {[%clk 0:23:00]} 25. Qh4
{[%clk 0:05:23]} Qe7 {[%clk 0:22:32]} 26. Rh3 {[%clk 0:04:13]} Qf8
{[%clk 0:21:44]} 27. g4 {[%clk 0:04:11]} Nh7 {[%clk 0:21:41]} 28. g5
{[%clk 0:01:56]} Be7 {[%clk 0:21:52]} 29. f6 {[%clk 0:02:22]} gxf6
{[%clk 0:21:58]} 30. exf7+ {[%clk 0:01:24]} Qxf7 {[%clk 0:22:05]} 31. Nf5
{[%clk 0:01:13]} Kh8 {[%clk 0:22:09]} 32. Bd4 {[%clk 0:00:37]} Rg8
{[%clk 0:22:08]} 33. Rxe7 {[%clk 0:00:35]} Qg6 {[%clk 0:22:18]} 34. Rxh7+
{[%clk 0:00:54]} Kxh7 {[%clk 0:22:29]} 35. Qxh6+ {[%clk 0:01:20]} 1-0

[Event "V4 Liptov 2017"]
[Site "?"]
[Date "2017.06.21"]
[Round "1.15"]
[White "Havel, Kristian"]
[Black "Dylag, Emilia"]
[Result "0-1"]
[BlackElo "1833"]
[WhiteElo "1447"]
[LiveChessVersion "1.4.8"]

1. d4 {[%clk 1:00:58]} Nf6 {[%clk 1:00:51]} 2. c4 {[%clk 1:01:19]} d6
{[%clk 1:01:14]} 3. g3 {[%clk 1:01:05]} Nbd7 {[%clk 1:01:01]} 4. Bg2
{[%clk 1:01:16]} g6 {[%clk 1:01:04]} 5. Nc3 {[%clk 1:01:13]} Bg7 {[%clk 1:00:53]}
6. Nf3 {[%clk 1:00:27]} O-O {[%clk 1:00:41]} 7. O-O {[%clk 1:00:09]} Re8
{[%clk 0:59:22]} 8. Re1 {[%clk 0:58:46]} e5 {[%clk 0:56:29]} 9. e3
{[%clk 0:56:48]} a5 {[%clk 0:42:21]} 10. a4 {[%clk 0:53:06]} Nh5 {[%clk 0:34:27]}
11. Nb5 {[%clk 0:42:55]} Bf8 {[%clk 0:28:50]} 12. b3 {[%clk 0:35:30]} c6
{[%clk 0:27:05]} 13. Nc3 {[%clk 0:34:59]} Qc7 {[%clk 0:23:22]} 14. Ba3
{[%clk 0:24:32]} f5 {[%clk 0:20:18]} 15. d5 {[%clk 0:19:31]} Ng7 {[%clk 0:12:33]}
16. Rb1 {[%clk 0:13:05]} Nb6 {[%clk 0:10:16]} 17. Re2 {[%clk 0:11:22]} Rd8
{[%clk 0:07:31]} 18. Rd2 {[%clk 0:10:14]} Ne8 {[%clk 0:04:11]} 19. dxc6
{[%clk 0:10:16]} bxc6 {[%clk 0:04:15]} 20. c5 {[%clk 0:07:55]} Nd5
{[%clk 0:04:29]} 21. Nxd5 {[%clk 0:08:02]} cxd5 {[%clk 0:04:54]} 22. Rxd5
{[%clk 0:08:01]} Be6 {[%clk 0:04:34]} 23. cxd6 {[%clk 0:07:55]} Nxd6
{[%clk 0:04:17]} 24. Ng5 {[%clk 0:06:39]} Bc8 {[%clk 0:01:19]} 25. Bxd6
{[%clk 0:06:27]} Bxd6 {[%clk 0:01:31]} 26. Rc1 {[%clk 0:06:22]} Qe7
{[%clk 0:01:38]} 27. Nf3 {[%clk 0:02:31]} Bb7 {[%clk 0:01:35]} 28. Rd2
{[%clk 0:02:02]} Bb4 {[%clk 0:01:33]} 29. Rxd8+ {[%clk 0:02:22]} Rxd8
{[%clk 0:01:59]} 30. Qc2 {[%clk 0:02:35]} Be4 {[%clk 0:01:37]} 31. Qc7
{[%clk 0:02:31]} Qxc7 {[%clk 0:02:01]} 32. Rxc7 {[%clk 0:02:57]} Rd1+
{[%clk 0:02:27]} 33. Bf1 Bxf3 {[%clk 0:02:48]} 34. Rc8+ {[%clk 0:02:30]} Kg7
{[%clk 0:03:05]} 0-1

[Event "V4 Liptov 2017"]
[Site "?"]
[Date "2017.06.21"]
[Round "1.16"]
[White "Surpeta, Julia"]
[Black "Janosova, Katerina Anna"]
[Result "1-0"]
[BlackElo "1334"]
[WhiteElo "1302"]
[LiveChessVersion "1.4.8"]

1. d4 {[%clk 1:00:56]} d5 {[%clk 1:00:36]} 2. Nc3 {[%clk 1:01:18]} Nc6
{[%clk 1:00:29]} 3. Nf3 {[%clk 0:58:49]} Nf6 {[%clk 1:00:07]} 4. Bf4
{[%clk 0:58:33]} e6 {[%clk 0:54:05]} 5. Nb5 {[%clk 0:55:26]} Bd6 {[%clk 0:53:56]}
6. Nxd6+ {[%clk 0:52:15]} cxd6 {[%clk 0:54:04]} 7. e3 {[%clk 0:51:48]} O-O
{[%clk 0:52:41]} 8. Bd3 {[%clk 0:50:26]} Re8 {[%clk 0:52:33]} 9. Bg3
{[%clk 0:49:56]} e5 {[%clk 0:52:21]} 10. Be2 {[%clk 0:48:52]} Bg4
{[%clk 0:51:37]} 11. c3 {[%clk 0:45:07]} e4 {[%clk 0:51:16]} 12. Nd2
{[%clk 0:42:53]} Bxe2 {[%clk 0:44:21]} 13. Qxe2 {[%clk 0:43:18]} Qe7
{[%clk 0:43:36]} 14. O-O {[%clk 0:42:57]} Rad8 {[%clk 0:42:27]} 15. Rae1
{[%clk 0:38:27]} a6 {[%clk 0:40:51]} 16. f3 {[%clk 0:35:54]} Nh5 {[%clk 0:36:18]}
17. Bf2 {[%clk 0:35:45]} Qg5 {[%clk 0:34:15]} 18. c4 {[%clk 0:26:37]} Nb4
{[%clk 0:29:44]} 19. cxd5 {[%clk 0:22:25]} Nd3 {[%clk 0:25:46]} 20. Nxe4
{[%clk 0:17:03]} Rxe4 {[%clk 0:24:21]} 21. fxe4 {[%clk 0:11:31]} Nxe1
{[%clk 0:22:50]} 22. Bxe1 {[%clk 0:09:53]} Re8 {[%clk 0:22:14]} 23. Rf5
{[%clk 0:10:05]} Nf4 {[%clk 0:13:28]} 24. Rxf4 {[%clk 0:09:26]} h5
{[%clk 0:10:06]} 25. Bh4 {[%clk 0:08:44]} Qg6 {[%clk 0:10:04]} 26. Qf3
{[%clk 0:08:33]} Rc8 {[%clk 0:09:22]} 27. Qg3 {[%clk 0:08:19]} Rc1+
{[%clk 0:08:45]} 28. Rf1 {[%clk 0:07:33]} Rxf1+ {[%clk 0:08:27]} 29. Kxf1
{[%clk 0:07:59]} Qxe4 {[%clk 0:08:13]} 30. Qe1 {[%clk 0:05:22]} Qxd5
{[%clk 0:07:43]} 31. b3 {[%clk 0:05:34]} g5 32. Bf2 h4 {[%clk 0:06:04]} 33. Qc3
{[%clk 0:05:06]} Qf5 {[%clk 0:05:21]} 34. Qc7 {[%clk 0:03:34]} Qd3+
{[%clk 0:04:51]} 35. Ke1 {[%clk 0:03:41]} Qb1+ {[%clk 0:05:10]} 36. Ke2
{[%clk 0:03:31]} Qxa2+ {[%clk 0:04:58]} 37. Ke1 {[%clk 0:03:10]} Qb1+
{[%clk 0:05:14]} 38. Kd2 {[%clk 0:03:20]} Qa2+ {[%clk 0:05:27]} 39. Qc2
{[%clk 0:03:35]} Qa5+ {[%clk 0:05:52]} 40. Ke2 {[%clk 0:03:28]} Qb5+
{[%clk 0:06:12]} 41. Ke1 {[%clk 0:03:22]} Qb4+ {[%clk 0:06:36]} 42. Kf1
{[%clk 0:03:32]} Qb5+ {[%clk 0:06:49]} 43. Kg1 {[%clk 0:03:35]} Qa5
{[%clk 0:07:14]} 44. h3 Qd5 {[%clk 0:07:05]} 45. e4 {[%clk 0:03:53]} Qb5
{[%clk 0:06:50]} 46. d5 {[%clk 0:03:59]} a5 {[%clk 0:06:45]} 47. Qc8+
{[%clk 0:04:15]} Kh7 {[%clk 0:04:01]} 48. Qf5+ {[%clk 0:04:33]} Kh6
{[%clk 0:03:29]} 49. Qf6+ {[%clk 0:04:42]} Kh7 {[%clk 0:01:51]} 50. Bd4
{[%clk 0:04:45]} Qc5 {[%clk 0:01:27]} 51. Qg7# {[%clk 0:05:05]} 1-0

[Event "V4 Liptov 2017"]
[Site "?"]
[Date "2017.06.21"]
[Round "1.17"]
[White "Brnusak, Andrej"]
[Black "Ptacek, Jan"]
[Result "1-0"]
[BlackElo "1705"]
[WhiteElo "1881"]
[LiveChessVersion "1.4.8"]

1. e4 {[%clk 1:00:57]} c5 {[%clk 1:00:55]} 2. Nc3 {[%clk 1:01:19]} Nc6
{[%clk 1:01:17]} 3. Bb5 {[%clk 1:01:32]} d6 {[%clk 1:01:09]} 4. Bxc6+
{[%clk 1:01:23]} bxc6 {[%clk 1:01:32]} 5. f4 {[%clk 1:01:43]} e6 {[%clk 0:57:15]}
6. Nf3 {[%clk 1:00:31]} Ne7 {[%clk 0:56:58]} 7. d3 {[%clk 0:58:09]} g6
{[%clk 0:55:49]} 8. O-O {[%clk 0:57:21]} Bg7 {[%clk 0:54:54]} 9. Qe1
{[%clk 0:55:42]} O-O {[%clk 0:53:08]} 10. Na4 {[%clk 0:53:54]} f5
{[%clk 0:42:38]} 11. c4 {[%clk 0:50:16]} Rb8 {[%clk 0:32:01]} 12. Rb1
{[%clk 0:46:45]} fxe4 {[%clk 0:27:12]} 13. dxe4 {[%clk 0:46:21]} Ba6
{[%clk 0:27:15]} 14. Nd2 {[%clk 0:44:29]} Bd4+ {[%clk 0:24:10]} 15. Kh1
{[%clk 0:44:45]} e5 {[%clk 0:21:54]} 16. fxe5 {[%clk 0:42:24]} dxe5
{[%clk 0:22:06]} 17. b3 {[%clk 0:39:03]} Qa5 {[%clk 0:14:57]} 18. Rxf8+
{[%clk 0:37:14]} Rxf8 {[%clk 0:15:11]} 19. Bb2 {[%clk 0:36:24]} Bxb2
{[%clk 0:11:00]} 20. Rxb2 {[%clk 0:35:51]} Rd8 {[%clk 0:11:11]} 21. Qe2
{[%clk 0:33:59]} Nc8 {[%clk 0:05:56]} 22. Nf3 {[%clk 0:32:51]} Nb6
{[%clk 0:05:53]} 23. Nxb6 {[%clk 0:31:24]} axb6 {[%clk 0:06:18]} 24. h3
{[%clk 0:30:52]} Qc3 {[%clk 0:06:05]} 25. Rc2 {[%clk 0:27:52]} Qa1+
{[%clk 0:06:31]} 26. Kh2 {[%clk 0:27:49]} b5 {[%clk 0:05:28]} 27. Qf2
{[%clk 0:24:38]} bxc4 {[%clk 0:02:41]} 28. bxc4 {[%clk 0:24:23]} Rd1
{[%clk 0:01:45]} 29. Qxc5 {[%clk 0:21:04]} Rh1+ {[%clk 0:02:09]} 30. Kg3
{[%clk 0:21:20]} Qb1 {[%clk 0:02:12]} 31. Rf2 {[%clk 0:18:57]} Qc1
{[%clk 0:01:31]} 32. Qxe5 {[%clk 0:17:40]} h6 {[%clk 0:01:09]} 33. Qe6+
{[%clk 0:17:50]} Kg7 {[%clk 0:01:31]} 34. Qe5+ {[%clk 0:16:56]} Kh7
{[%clk 0:01:43]} 35. Qc7+ {[%clk 0:16:32]} Kg8 {[%clk 0:01:52]} 36. Qb8+
{[%clk 0:16:55]} Kg7 {[%clk 0:02:16]} 37. Qa7+ {[%clk 0:17:15]} Kg8
{[%clk 0:02:43]} 38. Qxa6 {[%clk 0:17:32]} g5 {[%clk 0:02:32]} 39. Qc8+
{[%clk 0:17:11]} Kg7 {[%clk 0:02:55]} 40. Qd7+ {[%clk 0:17:14]} Kg6
{[%clk 0:02:12]} 41. Ne5+ {[%clk 0:17:29]} 1-0

[Event "V4 Liptov 2017"]
[Site "?"]
[Date "2017.06.21"]
[Round "1.18"]
[White "Cipl, Jan"]
[Black "Holly, Andrej"]
[Result "0-1"]
[BlackElo "1817"]
[WhiteElo "1310"]
[LiveChessVersion "1.4.8"]

1. e4 {[%clk 1:00:53]} c5 {[%clk 1:00:58]} 2. Nf3 {[%clk 1:01:02]} Nc6
{[%clk 1:01:16]} 3. d4 {[%clk 1:00:51]} cxd4 {[%clk 1:01:25]} 4. Nxd4
{[%clk 1:00:55]} g6 {[%clk 1:01:29]} 5. Be3 Bg7 {[%clk 1:01:44]} 6. Bc4
{[%clk 1:00:14]} Nf6 {[%clk 1:01:23]} 7. Nc3 {[%clk 0:59:24]} O-O
{[%clk 1:01:09]} 8. Qd2 {[%clk 0:58:07]} Ng4 {[%clk 0:59:03]} 9. Nxc6
{[%clk 0:56:27]} bxc6 {[%clk 0:56:47]} 10. Bf4 {[%clk 0:54:09]} Qb6
{[%clk 0:55:38]} 11. Bb3 {[%clk 0:52:40]} a5 {[%clk 0:49:32]} 12. a4
{[%clk 0:50:22]} Qb4 {[%clk 0:44:55]} 13. f3 {[%clk 0:48:43]} Ne5
{[%clk 0:44:39]} 14. Bh6 {[%clk 0:45:30]} Bxh6 {[%clk 0:43:48]} 15. Qxh6
{[%clk 0:45:41]} Nc4 {[%clk 0:44:03]} 16. Qc1 {[%clk 0:41:20]} Ba6
{[%clk 0:36:46]} 17. O-O {[%clk 0:40:20]} Rab8 {[%clk 0:34:37]} 18. Re1
{[%clk 0:38:46]} Ne5 {[%clk 0:32:57]} 19. Qd2 {[%clk 0:36:04]} d6
{[%clk 0:31:07]} 20. Kh1 {[%clk 0:34:23]} Bc4 {[%clk 0:31:09]} 21. Bxc4
{[%clk 0:23:02]} Nxc4 {[%clk 0:31:19]} 22. Qd4 {[%clk 0:20:16]} Nxb2
{[%clk 0:29:48]} 23. Qxb4 {[%clk 0:20:17]} Rxb4 {[%clk 0:30:11]} 24. Reb1
{[%clk 0:19:38]} Rfb8 {[%clk 0:30:20]} 25. Ra3 {[%clk 0:18:17]} Nxa4
{[%clk 0:29:37]} 26. Rxb4 {[%clk 0:18:11]} axb4 {[%clk 0:30:05]} 27. Rxa4
{[%clk 0:18:01]} bxc3 {[%clk 0:30:33]} 28. Kg1 {[%clk 0:18:02]} Rb2
{[%clk 0:30:48]} 29. Rc4 {[%clk 0:18:12]} Rxc2 {[%clk 0:30:58]} 30. Rxc6
{[%clk 0:18:34]} Rc1+ {[%clk 0:31:10]} 31. Kf2 {[%clk 0:18:45]} c2
{[%clk 0:31:28]} 32. Ke2 {[%clk 0:18:35]} Rg1 {[%clk 0:31:53]} 33. Rxc2
{[%clk 0:18:12]} Rxg2+ {[%clk 0:32:18]} 34. Kd3 {[%clk 0:18:21]} Rxc2
{[%clk 0:32:45]} 35. Kxc2 {[%clk 0:18:40]} Kg7 {[%clk 0:33:12]} 36. Kd3
{[%clk 0:18:53]} f5 {[%clk 0:33:40]} 0-1

[Event "V4 Liptov 2017"]
[Site "?"]
[Date "2017.06.21"]
[Round "1.21"]
[White "Grimm, Balazs"]
[Black "Bochnicka, Vladimir"]
[Result "0-1"]
[BlackElo "1926"]
[WhiteElo "1737"]
[LiveChessVersion "1.4.8"]

1. e4 {[%clk 1:00:58]} c5 {[%clk 1:00:48]} 2. Nf3 {[%clk 1:01:23]} Nc6
{[%clk 1:01:13]} 3. d4 {[%clk 1:01:46]} cxd4 {[%clk 1:01:38]} 4. Nxd4
{[%clk 1:02:12]} Nf6 {[%clk 1:01:56]} 5. Nc3 {[%clk 1:02:32]} e5 {[%clk 1:02:12]}
6. Nf3 {[%clk 1:02:03]} Bb4 {[%clk 1:00:37]} 7. Bc4 {[%clk 1:00:33]} Nxe4
{[%clk 0:47:46]} 8. Qd5 {[%clk 0:59:33]} Nd6 {[%clk 0:48:10]} 9. Nxe5
{[%clk 0:59:48]} Qe7 {[%clk 0:47:42]} 10. f4 {[%clk 0:33:52]} Nxe5
{[%clk 0:46:47]} 11. fxe5 {[%clk 0:33:56]} Qh4+ {[%clk 0:46:17]} 12. g3
{[%clk 0:15:38]} Qxc4 {[%clk 0:46:32]} 13. Qxc4 {[%clk 0:16:03]} Nxc4
{[%clk 0:46:53]} 14. O-O {[%clk 0:15:18]} O-O {[%clk 0:46:42]} 15. Nd5
{[%clk 0:15:15]} Bc5+ {[%clk 0:46:51]} 16. Kh1 {[%clk 0:15:13]} b5
{[%clk 0:46:41]} 17. b3 {[%clk 0:14:21]} Nxe5 {[%clk 0:46:39]} 18. Be3
{[%clk 0:13:43]} Bb7 {[%clk 0:45:00]} 19. Bxc5 {[%clk 0:13:36]} Bxd5+
{[%clk 0:45:21]} 20. Kg1 {[%clk 0:13:57]} Rfc8 {[%clk 0:44:42]} 21. b4
{[%clk 0:11:58]} d6 {[%clk 0:44:25]} 22. Rad1 {[%clk 0:12:01]} Bc4
{[%clk 0:43:39]} 23. Bxd6 {[%clk 0:07:02]} Bxf1 {[%clk 0:43:46]} 24. Rxf1
{[%clk 0:07:07]} Nc4 {[%clk 0:43:14]} 25. Bc5 {[%clk 0:07:22]} Re8
{[%clk 0:43:15]} 26. c3 {[%clk 0:03:56]} Re2 {[%clk 0:43:03]} 27. Bd4
{[%clk 0:01:17]} Rxa2 {[%clk 0:42:47]} 28. Rf5 {[%clk 0:00:34]} Re8
{[%clk 0:42:24]} 29. Bf2 {[%clk 0:00:42]} Ne3 0-1

[Event "V4 Liptov 2017"]
[Site "?"]
[Date "2017.06.21"]
[Round "1.22"]
[White "Sandor, Martin"]
[Black "Zlotov, Viktor"]
[Result "1-0"]
[BlackElo "1635"]
[WhiteElo "1858"]
[LiveChessVersion "1.4.8"]

1. e4 {[%clk 1:00:58]} c5 {[%clk 1:00:53]} 2. Nf3 {[%clk 1:01:23]} d6
{[%clk 1:01:14]} 3. d4 {[%clk 1:01:47]} cxd4 {[%clk 1:01:38]} 4. Nxd4
{[%clk 1:02:09]} Nf6 {[%clk 1:02:01]} 5. Nc3 {[%clk 1:02:32]} g6 {[%clk 1:02:20]}
6. f3 {[%clk 0:57:26]} Bg7 {[%clk 1:02:19]} 7. Be3 {[%clk 0:56:56]} O-O
{[%clk 1:02:29]} 8. Qd2 {[%clk 0:56:33]} Nc6 {[%clk 1:02:23]} 9. Be2
{[%clk 0:53:38]} Bd7 {[%clk 1:01:35]} 10. O-O {[%clk 0:51:37]} Rc8
{[%clk 1:00:27]} 11. Rfd1 {[%clk 0:47:36]} Ne5 {[%clk 0:58:29]} 12. Kh1
{[%clk 0:38:19]} a6 {[%clk 0:52:41]} 13. Bh6 {[%clk 0:33:23]} Nc4
{[%clk 0:51:19]} 14. Bxc4 {[%clk 0:33:04]} Rxc4 {[%clk 0:51:42]} 15. Bxg7
{[%clk 0:32:06]} Kxg7 {[%clk 0:52:00]} 16. Nd5 {[%clk 0:23:40]} Nxd5
{[%clk 0:50:57]} 17. exd5 {[%clk 0:23:47]} Qc8 {[%clk 0:48:38]} 18. c3
{[%clk 0:19:31]} e6 {[%clk 0:43:39]} 19. Nc2 {[%clk 0:13:54]} e5 {[%clk 0:42:05]}
20. Ne3 {[%clk 0:12:07]} Rh4 {[%clk 0:39:00]} 21. Qf2 {[%clk 0:11:03]} Rh6
{[%clk 0:39:15]} 22. Rac1 {[%clk 0:07:53]} f5 {[%clk 0:38:15]} 23. Qe2
{[%clk 0:06:51]} f4 {[%clk 0:36:54]} 24. Ng4 {[%clk 0:06:30]} Bxg4
{[%clk 0:37:18]} 25. fxg4 {[%clk 0:06:47]} Qd8 {[%clk 0:36:07]} 26. Rd3
{[%clk 0:06:05]} f3 {[%clk 0:34:11]} 27. Rxf3 {[%clk 0:04:40]} Rxf3
{[%clk 0:34:31]} 28. Qxf3 {[%clk 0:04:58]} Qh4 {[%clk 0:34:52]} 29. h3
{[%clk 0:05:13]} Qf6 {[%clk 0:33:51]} 30. Rf1 {[%clk 0:03:56]} Qxf3
{[%clk 0:33:02]} 31. Rxf3 {[%clk 0:04:25]} g5 {[%clk 0:33:14]} 32. Rf5
{[%clk 0:03:59]} Rg6 {[%clk 0:32:57]} 33. Kg1 {[%clk 0:04:00]} h6
{[%clk 0:33:15]} 34. Kf2 {[%clk 0:03:40]} Rf6 {[%clk 0:32:25]} 35. Ke3
{[%clk 0:03:52]} Kg6 36. Ke4 {[%clk 0:03:58]} Kg7 {[%clk 0:31:35]} 37. c4
{[%clk 0:02:43]} b6 {[%clk 0:27:57]} 38. b3 {[%clk 0:01:50]} Kf7 39. Ke3
{[%clk 0:01:52]} Ke7 {[%clk 0:27:02]} 40. Ke4 Rf8 41. Rxf8 {[%clk 0:01:40]} Kxf8
{[%clk 0:25:19]} 42. Kf5 {[%clk 0:01:54]} Ke7 43. g3 Kf7 {[%clk 0:25:09]} 44. h4
{[%clk 0:01:20]} gxh4 {[%clk 0:25:20]} 45. gxh4 Kg7 {[%clk 0:25:12]} 46. b4
{[%clk 0:02:00]} Kf7 {[%clk 0:25:07]} 47. c5 dxc5 {[%clk 0:23:50]} 48. bxc5
{[%clk 0:02:07]} bxc5 {[%clk 0:24:13]} 49. Kxe5 {[%clk 0:02:32]} Ke7
{[%clk 0:24:04]} 50. g5 {[%clk 0:02:41]} 1-0